[Event "ISR-chT 0809"]
[Site "Israel"]
[Date "2008.12.13"]
[Round "2"]
[White "Avrukh, Boris"]
[Black "Kovalev, Andrei"]
[Result "1-0"]
[WhiteElo "2657"]
[BlackElo "2550"]
[Annotator "Avrukh,B"]
[PlyCount "67"]
[EventDate "2008.12.12"]
[EventType "team-tourn"]
[EventRounds "11"]
[EventCountry "ISR"]
[SourceTitle "CBM 130"]
[Source "ChessBase"]
[SourceDate "2009.05.20"]
[SourceVersion "1"]
[SourceVersionDate "2009.05.20"]
[SourceQuality "1"]

1. d4 Nf6 2. c4 g6 3. g3 Bg7 4. Bg2 O-O 5. Nc3 Nc6 6. Nf3 d6 7. O-O Bf5 {
Recently this move has once again become fashionable, thanks to the efforts of
Ilya Smirin and Emil Sutovsky.} 8. b3 $5 {I always considered this move, as
most promising for White in this position.} (8. d5 {White's first choice
according to theory.}) 8... e5 {Lately a new trend in this position. I always
considered} (8... Ne4 9. Nd5 {a very pleasant line for White, here is one of
my games:} Bd7 10. Bb2 e6 11. Nf4 Ng5 12. Nxg5 Qxg5 13. Rb1 {[%csl Gb2][%cal
Gd4d5]} Nxd4 14. Bxd4 e5 15. Bxb7 Rab8 16. Ne6 fxe6 17. Be3 Qe7 18. Bg2 $14 {
Avrukh,B (2600)-Efimenko,Z (2573)/Biel open 2004; and White was better, thanks
to his better pawn structure.}) 9. d5 Ne7 10. Ne1 {The main direction.} Qd7 {
It's important for Black to succeed in exchanging the light-squared bishops.} (
{The alternative} 10... e4 {seems to me positionally pretty risky, after} 11.
Nc2 Re8 12. Be3 Qd7 13. Bd4 {White enjoys a pleasant edge Izoria,Z (2646)
-Gurevich,M (2652)/Bastia 2005}) 11. e4 Bh3 12. Nd3 Bxg2 {Anyway Black has to
capture on g2 in order to carry out ...f7-f5.} (12... Nh5 13. f3 Bxg2 14. Kxg2
{would just transpose to the game.}) 13. Kxg2 Nh5 {The most active approach.}
14. f3 f5 15. Bd2 Rf7 $146 {This move seems to me more natural than} (15... Kh8
16. Rc1 Rf7 17. c5 Raf8 18. cxd6 cxd6 19. Qe2 Nf6 {this position has occurred
in Pert,N (2494)-Savickas,A (2300)/Turin 2006; now White should have played}
20. Nf2 {[%cal Ge2b5] Threatening the positional Qb5.} a6 21. b4 {with the
idea of b5 and White's initiative on the queenside is much faster.}) 16. b4
Raf8 17. Qa4 {Obviously White would be happy to swap queens, as Black will
remain with his poor e7-N. In fact it looks like this is a slight inaccuracy,
as I overlooked Black's tactical idea after 17...c6.} ({More to the point was} 
17. Qe2 c6 18. Rac1 $14 {and I prefer White's position, as it's not so clear
how Black can develop his initiative on the kingside, while White has a lot of
options on the queenside.}) 17... Qxa4 $2 {Strategically a very bad decision.
Without queens it's much easier to play for White, while Black's position is
very unpleasant mainly because of his poor knight on e7. It was essential to
play} (17... c6 $1 18. Qxa7 fxe4 19. fxe4 Rxf1 20. Rxf1 Rxf1 21. Kxf1 Qh3+ $1 {
During the game I overlooked this idea} 22. Ke1 {Certainly} (22. Kg1 $2 {
is bad in view of} Nxg3 {[%cal Gh3f1]} 23. Qf2 $8 Nxe4 24. Nxe4 Qxd3 25. Nxd6
Nf5 26. Nxf5 gxf5 {and only Black can play for a win.}) 22... Qxh2 23. Kd1 $1
Nxg3 {Now White can take either the b7-pawn, or the d6-pawn, in both cases
Black's counterplay is enough to maintain the balance} 24. Qxb7 (24. Qb8+ Bf8
25. Qxd6 Nxe4 $1 {with the following pretty nice line:} 26. Qe6+ Kg7 27. Nxe4
Qh1+ 28. Ne1 (28. Kc2 Qxe4 {fine for Black.}) 28... Qxe4 29. Bc3 Qb1+ (29...
Kh6 $5 {The only but sufficient defence}) 30. Kd2 Qxa2+ 31. Nc2 Nf5 $1 {
Only not} (31... Qxc4 32. Ne3 Qa2+ 33. Ke1 Kh6 34. Qxe5 {and White develops
dangerous attack.}) 32. Qxe5+ Kh6 33. Qf4+ Kh5 {and despite Black's position
looking very shaky White has to force the draw with perpetual} 34. Qf3+ Kg5 35.
Qg2+ $11) 24... Bf8 $1 {and it appears, that after} 25. dxc6 Nxe4 26. Nxe4 Qh1+
27. Ne1 Qxe4 28. b5 Qb1+ {Black's queen activity is enough for equality.}) 18.
Nxa4 $14 {[%csl Ge7]} fxe4 {Otherwise Black's rooks would remain passive.} 19.
fxe4 Rxf1 20. Rxf1 Rxf1 21. Kxf1 Nf6 22. Nc3 c6 {Another way of holding
Black's position is} (22... a6 23. c5 Kf7 {, but after} 24. Ke2 Ke8 25. Kf3 Kd7
26. a4 {he will face a tough task defending against White's offensive on the
queenside.}) 23. Ke2 cxd5 $2 {A serious positional error. Black should have
kept the tension in the centre:} (23... Kf7 24. Kf3 Ke8 $14 {Black would have
a defendable position.}) 24. exd5 $1 {Now White has a strategically winning
position. One of his knights will find a perfect e4-square and the following
c4-c5 break should decide the issue.} h6 25. Nf2 $1 {Obviously the knight is
heading for e4.} Kf7 26. Nfe4 Nxe4 27. Nxe4 Nc8 {Black has to defend passively,
as after} (27... Nf5 28. g4 Nd4+ 29. Kd3 Ke7 30. Be3 $1 {White has a winning
position. Now he threatens Bxd4 followed by Nd2-f3-d4 and after} Nf3 31. Bxa7 {
decides} Nxh2 32. Bb8 Nxg4 33. Bxd6+ Kd7 34. c5 $18) 28. c5 dxc5 {Black tries
somehow to complicate matters, but it fails to work. In the event of} (28...
Ke7 29. Kd3 {White will slowly improve his position on both flanks Kd3-c4, a4,
Be3, also on the kingside he can easily create an additional weakness g4,
h4-h5 fixing the h6-pawn. Finally the knight might be transfered to f5. It's
impossible to hold this position for Black.}) 29. bxc5 Ne7 30. Nd6+ Kf8 (30...
Kf6 31. Ne8+ Kf7 32. Nc7 $1 $18 {Hopeless for Black.}) 31. Nxb7 Nxd5 32. Kd3
Ke8 33. c6 Ne7 $2 {The final blunder, which only eases White's task. More
stubborn would have been} (33... Ke7 {, but White is winning here after} 34.
Ba5 Ke6 35. Nd8+ Kd6 36. c7 Kd7 {Certainly Black loses after} (36... Nxc7 37.
Bxc7+ Kxc7 38. Ne6+ Kd6 39. Nxg7 Ke7 40. Ke4 Kf7 41. Nf5 $1 $18) 37. Ne6 Bf6
38. Nf8+ Kc8 39. Nxg6 Nxc7 40. Ke4 Nb5 41. Bb4 $1 $18) 34. Nd6+ $1 (34. Nd6+
Kf8 (34... Kd8 35. Ba5#) 35. c7 $18) 1-0

[Event "Biel GM"]
[Site "Biel"]
[Date "2007.07.23"]
[Round "1"]
[White "Onischuk, Alexander"]
[Black "Radjabov, Teimour"]
[Result "1/2-1/2"]
[WhiteElo "2650"]
[BlackElo "2746"]
[Annotator "Krasenkow,M"]
[PlyCount "91"]
[EventDate "2007.07.23"]
[EventType "tourn"]
[EventRounds "9"]
[EventCountry "SUI"]
[EventCategory "18"]
[SourceTitle "CBM 120"]
[Source "ChessBase"]
[SourceDate "2007.10.02"]
[SourceVersion "1"]
[SourceVersionDate "2007.10.02"]
[SourceQuality "1"]

1. d4 Nf6 2. c4 g6 3. Nc3 Bg7 4. Nf3 d6 5. g3 O-O 6. Bg2 Nc6 7. O-O Bg4 8. h3
Bxf3 9. Bxf3 Nd7 10. e3 e5 11. d5 Ne7 12. e4 f5 13. Bg2 a5 (13... Nf6 {is
played more frequently but putting this knight to c5 is a healthy idea, too.
The problem is that the lack of the light-squared bishop doesn't allow Black
to equalize in any case.}) 14. exf5 $5 $146 {[%mdl 8]} (14. Rb1 Nc5 15. b3 {
needs testing. Here is a game in which White was an IM:} f4 16. a3 b6 17. b4
Nd7 18. Bd2 g5 19. g4 Ng6 20. f3 h5 21. Rf2 Kf7 22. Be1 Nh4 23. Bf1 Rh8 24. Nb5
axb4 25. axb4 Nf6 26. Ra1 hxg4 27. Rxa8 Qxa8 28. hxg4 Qc8 29. Ra2 Ne8 30. Ra7
Kg6 31. Bxh4 Rxh4 32. Bg2 Rh8 33. Qa4 $16 {1-0 Lodhi,M-Annurudha,G/Turin 2006/
CBM 113 (57)}) 14... gxf5 (14... Nxf5 15. Ne4 $14) 15. f4 e4 16. Be3 {A
typical blockade. The black knight now aims to d3 but....} Nc5 17. Qe2 Nd3 18.
Rfd1 a4 19. Rxd3 $1 {[%mdl 512] A radical but correct solution. White now has
an excellent compensation for the exchange: a bishop pair and weaknesses in
Black's position (like the e6 square).} exd3 20. Qxd3 Qd7 21. Re1 Rae8 22. Bf2
{Trying to invade along the e-file. There was another option and another
object of attack:} (22. Bf3 $5 {[%csl Ra4][%cal Yf3d1]}) 22... Ng6 23. Re6 Kh8
(23... Re7 $5 {[%cal Yc7c6]}) 24. Rxe8 (24. Nb5 $5 Rxe6 25. dxe6 Qe7 $5 (25...
Qxe6 26. Nxc7 $36) 26. Nd4 (26. Bxb7 Qxe6) 26... c6 27. Nxf5 Qxe6 28. Nxd6 $36)
24... Rxe8 25. Qc2 Ra8 26. Nb5 Kg8 27. Nd4 Bxd4 28. Bxd4 {[%csl Gd4,Gg2,Rg8]
White's advantage is lasting. His bishop pair are very strong and the black
king has no safe haven.} b6 29. Bf3 Re8 30. Kg2 Kf7 31. Bc3 Ke7 {Running away
from danger.} 32. Bd1 a3 33. bxa3 (33. b4 $5) 33... Kd8 34. a4 {The black king
has no quiet life on the queenside either.} Kc8 35. Bf3 $6 {A crucial delay.} (
35. a5 $1 Kb7 36. axb6 cxb6 37. Bd4 $16) 35... Kb7 36. a5 Qe7 $1 {[%mdl 256]}
37. axb6 (37. Bd2 Qg7 $132) (37. Qxf5 Qe3 $132) 37... Nxf4+ $1 {Suddenly
creating a counterattack.} 38. gxf4 Qe3 39. bxc7 (39. Qxf5 Rg8+ 40. Bg4 Qxc3
41. bxc7 Qb2+ $11) 39... Rg8+ 40. Bg4 fxg4 41. Qb3+ Ka7 {Alas, White has
nothing better than a perpetual.} 42. Qa4+ Kb7 43. Qb5+ Ka7 44. Qa4+ (44. c8=N+
Rxc8 45. Qd7+ Kb8 46. Qxd6+ Rc7 $11) 44... Kb7 45. Qc6+ Ka7 46. Qa4+ 1/2-1/2

[Event "EU-Cup 23rd"]
[Site "Kemer"]
[Date "2007.10.09"]
[Round "7.1"]
[White "Ivanchuk, Vassily"]
[Black "Radjabov, Teimour"]
[Result "0-1"]
[WhiteElo "2787"]
[BlackElo "2742"]
[Annotator "Radjabov,T"]
[PlyCount "100"]
[EventDate "2007.10.03"]
[EventType "team-swiss"]
[EventRounds "7"]
[EventCountry "TUR"]
[SourceTitle "CBM 121"]
[Source "ChessBase"]
[SourceDate "2007.11.14"]
[SourceVersion "1"]
[SourceVersionDate "2007.11.14"]
[SourceQuality "1"]
[WhiteTeam "Sarajevo Bosna"]
[BlackTeam "Ural Sverdlovskaya"]
[WhiteTeamCountry "BIH"]
[BlackTeamCountry "RUS"]

1. c4 {This match vs. Bosna was an important encounter for us, as the winner
could probably be first in the European Club Cup, so were fighting on all
boards. Dieses Match gegen Bosna war eine wichtige Begegnung für uns, denn der
Sieger hatte wahrscheinlich gute Chancen, den europäischen Mannschaftspokal zu
gewinnen, daher kämpften wir an allen Brettern.} g6 2. g3 Bg7 3. Bg2 Nf6 4. Nc3
O-O 5. d4 d6 {Eine typical position of the KID with g3. Eine typische Stellung
des Königsinders mit g3.} 6. Nf3 c6 7. O-O Qb6 {A rare line. Ivanchuk took
some 15-20 minutes thinking at this point. Now White has some problems
developing the c1-bishop. Ein seltenes Abspiel. An dieser Stelle dachte
Ivanchuk etwa 15-20 Minuten nach. Weiß hat jetzt nämlich einige Probleme, den
Läufer c1 zu entwickeln.} 8. Re1 $5 {Trying to start e4-e5 taking positions in
center. Versucht, mit e4-e5 im Zentrum Stellung zu beziehen.} Bg4 $5 {There
are many moves and also many ideas for Black, but Bg4 and Nfd7 (x Pd4) looked
interesting. Es gibt viele Züge und auch viele Ideen für Schwarz, aber Bg4 und
Nfd7 (x Pd4) sah interessant aus.} 9. h3 Bxf3 10. Bxf3 Nfd7 11. e3 Na6 (11...
c5 $6 12. Nd5 Qd8 13. Qb3 Nc6 14. Qxb7 Rc8 15. Nf4 Nb6 (15... cxd4 16. Bxc6 Nc5
17. Qxa7 Rxc6 18. exd4 Ra6 19. Qxe7 Nb3 20. Qxd8 Rxd8 21. Rb1 $16) 16. Bxc6 Rc7
17. Qa6 Rxc6 18. Qxa7 cxd4 19. exd4 $14) 12. Rb1 e5 13. d5 c5 $6 {Well, I
don't think this kind of move is good here because White gets play on both
wings. Of course, it is hard to break Black's defence. But playing with White
is a much easier task here. Also, an dieser Stelle halte ich diese Art von Zug
nicht für gut, weil Weiß Spiel auf beiden Flügeln bekommt. Natürlich ist es
schwer, die schwarze Verteidigung zu überwinden. Aber mit Weiß zu spielen ist
hier doch die deutlich einfachere Aufgabe.} (13... f5 $5 14. dxc6 bxc6 15. e4 (
15. Qxd6 e4 $17) 15... f4 16. Kg2 Rab8 $11 (16... Qc5 17. b3 Nb6 $11 {[%cal
Ga6c7,Gc7e6,Ge6d4]})) 14. e4 $1 Qd8 15. h4 $1 {Practically the best decision,
now White puts a pawn on h5, the king on g2 and the rook on h1. Praktisch die
beste Entscheidung; Weiß stellt nun einen Bauern nach h5, den König nach g2
und den Turm nach h1.} Nc7 16. Kg2 f5 {Otherwise Black may end up without any
counterplay! The only way is to push through f4 somehow and try to close the
queen's flank! Ansonsten bleibt Schwarz am Ende vielleicht völlig ohne
Gegenspiel! Die einzige Möglichkeit besteht darin, irgendwie f4 durchzudrücken
und zu versuchen, den Damenflügel zu schließen!} 17. Bg5 Bf6 18. Bd2 Qe7 19.
Qe2 f4 20. Rh1 Rf7 21. Rh3 Raf8 22. Rbh1 a6 23. b3 {Now the position is
closed! And Ivanchuk tries to open up the game carefully on the queen's flank!
Jetzt ist die Stellung geschlossen! Und Ivanchuk versucht vorsichtig, das
Spiel am Damenflügel zu öffnen!} (23. h5 g5 24. h6 $14) 23... Kh8 24. a3 g5 $5
{It's not easy at all to play with Black! White is pressing on the queen's
flank, and also on the kingside it is hard to do something with Black. Schwarz
hat es keinesweg leicht! Weiß drückt am Damenflügel, und auch am Königsflügel
kann der Nachziehende kaum etwas unternehmen.} 25. h5 (25. hxg5 Bxg5 26. g4 Rb8
27. a4 a5 $11 {[%csl Gf8][%cal Gb8g8,Gc7e8,Ge8f6,Gd7f8,Gf8g6]}) 25... h6 (25...
Rb8 26. a4 a5 {was possible, but the position is very unpleasent anyway. war
möglich, aber auch dann bleibt die Stellung höchst unangenehm.}) 26. Bg4 Bg7
27. Bf5 {After this move and g4, many players asked me how the bishop came to
f5, from which square :) Nach diesem Zug und g4 fragten mich viele Spieler,
über welches Feld der Läufer eigentlich nach f5 gelangt war :)} b5 $1 28. g4 b4
{The only way is to try and to close the position! Der einzige Weg besteht in
dem Versuch, die Stellung zu schließen!} 29. Na4 (29. axb4 $1 cxb4 30. Na4 Rb8
(30... a5 31. Ra1 Na6 $13 32. c5 Naxc5 33. Nxc5 Nxc5 34. Rxa5 Rb8 35. Rb5 $16)
31. Ra1 Rff8 $14) 29... a5 30. Ra1 Rb8 31. Rhh1 Rff8 32. Ra2 Rb7 33. Rha1 Rfb8
34. axb4 axb4 35. Nb2 {Now it's very pleasant for White, he can maneouvre for
hours when Black has to wait in passive defence, calculating sacrifices all
the time. Nun ist es sehr angenehm für Weiß; er kann stundenlang manövrieren,
während Schwarz passiv abwarten und dabei ständig Opfer auf der Rechnung haben
muss.} Nb6 {My idea was to kick the f5-bishop somehow. It worked! Meine Idee
war, irgendwie den f5-Läufer zu beharken. Es klappte!} 36. Nd3 Nc8 37. Ra5 Qe8
{Now the knight is going to e7. Nun kommt der Springer nach e7.} 38. Nxc5 $6 {
Well, even if not bad, this is too early. Nun, selbst wenn dies vielleicht
nicht schlecht ist, kommt es zu früh.} (38. f3 $5 {This move followed by a
d2-bishop regroupment was more to the point, I think. Dieser Zug nebst der
Umgruppierung des Läufers d2 traf den Nagel eher auf den Kopf, denke ich.} Ne7
39. Bc1 Nxf5 40. exf5 e4 41. fxe4 Bxa1 42. Rxa1 $16) 38... dxc5 39. Rxc5 Bf8 $1
40. Rca5 Ne7 41. f3 (41. Bc1 $5 Nxf5 42. exf5 Bg7 (42... e4 43. Bb2+ Kg8 44.
Qd2 $18) 43. Bb2 Qe7 44. f3 Qd6 $14) 41... Qf7 42. R1a4 $2 {Well, after this
move White misses a clear plan and his king on g2 is vulnerable. Nun, nach
diesem Zug fehlt es Weiß an einem klaren Plan, und sein König auf g2 ist
anfällig.} Nxf5 43. exf5 Kg8 {Now I am going to play Ne8-f6 followed by e4.
Jetzt lautet mein Plan Ne8-f6 nebst e4.} 44. Qxe5 $2 {White misses a very
strong attacking conception. Weiß übersieht ein bärenstarkes Angriffskonzept.}
(44. Be1 $5 Ne8 45. Qxe5 Nf6 46. Qe6 Re8 47. Qxf7+ Kxf7 48. Bf2 Re2) 44... Re8
$1 45. Qd4 Qe7 $3 {Great concept - now it's lost for White! Ein großartiges
Konzept - nun ist Weiß verloren!} 46. Qf2 (46. Qe4 Qxe4 47. fxe4 Rxe4 48. Ra2
Rd4 $15) 46... Qe2 $1 47. Ra1 Qd3 48. Re1 Qxb3 49. Rxe8 Nxe8 50. Ra8 Re7 0-1

[Event "Las Palmas"]
[Site "Las Palmas"]
[Date "1996.12.09"]
[Round "1"]
[White "Karpov, Anatoly"]
[Black "Ivanchuk, Vassily"]
[Result "1/2-1/2"]
[WhiteElo "2775"]
[BlackElo "2730"]
[Annotator "Kramnik,V"]
[PlyCount "122"]
[EventDate "1996.12.08"]
[EventType "tourn"]
[EventRounds "10"]
[EventCountry "ESP"]
[EventCategory "21"]
[SourceTitle "CBM 057"]
[Source "ChessBase"]
[SourceDate "1997.04.01"]
[SourceVersion "1"]
[SourceVersionDate "1997.04.01"]
[SourceQuality "1"]

1. d4 {Shamkovich Hecht} Nf6 2. c4 g6 3. g3 Bg7 4. Bg2 O-O 5. Nc3 d6 6. Nf3 c6
7. O-O Qb6 8. c5 $5 $146 {A novelty. 8. e4, b3, h3 and Qc2 have all been
played here.} (8. b3 e5 $5 9. e3 Re8 10. Ba3 e4 11. Nd2 d5 {Black is OK,
Kremenietsky,A-Iskusnyh,S/RUSCup2 Moscow/1996/}) (8. h3 Na6 9. e4 e5 10. Re1
exd4 11. Nxd4 Re8 12. b3 {White is better, Baburin,A-Filippov,V/op Groningen
NED 1995}) (8. Qc2 Qa6 9. b3 c5 10. Bb2 Nc6 11. d5 Nb4 12. Qd2 Qb6 13. e4 {
White's position is preferable, Murzin,L-Popovic,M/FS Oct, Budapest HUN 1996})
8... dxc5 9. Na4 Qb5 10. Nxc5 Na6 11. a4 Qb6 12. Nxa6 Qxa6 13. Re1 Rd8 14. Qb3
$6 {Unnecessary move. Better was} (14. e4 Bg4 15. b3) 14... Be6 15. Qa3 Bd5 16.
e3 $15 {Black already is slighly better.} Bf8 17. b4 e6 18. Qb2 Qb6 19. b5 Rac8
20. bxc6 Qxb2 21. Bxb2 Rxc6 22. Rec1 Rdc8 23. Ne5 Rc2 24. Bf1 Bb4 (24... Ne4
25. Bd3 Rxc1+ 26. Rxc1 Rxc1+ 27. Bxc1 Nc3 28. a5 Bb4 (28... a6 29. Bd2 Bb4 30.
e4 Bb3 31. Nd7 $132) 29. a6 bxa6 30. Bxa6 $11) 25. Rxc2 Rxc2 26. Ba3 Bc3 (26...
Bxa3 27. Rxa3 Ne4 (27... Rc1 28. f3 Nd7 29. Nxd7 (29. e4 $2 Nxe5 30. exd5 Nc4)
29... Bc4 30. Nf6+ Kg7 31. Ne8+ Kf8 32. Nd6 Bxf1 33. Kf2 b6 34. Nb5 a6 35. Rc3
Rxc3 36. Nxc3 Bc4 37. e4) 28. f3 (28. f4) 28... Nd2 29. Bd3 Rb2 30. e4 Bc6 {
A. Silver}) 27. Bd3 Ra2 (27... Rxf2 $2 28. Rc1 Rg2+ 29. Kf1 $18) 28. Rxa2 Bxa2
29. Bc4 Bb1 30. Bd3 Bxd3 31. Nxd3 Ne4 32. Nc5 Nd6 33. Kf1 b6 34. Nd3 Nc4 35.
Be7 f5 36. Ke2 Kf7 37. Bg5 Ke8 38. Kd1 Kd7 39. Kc2 Ba5 40. f3 Bd2 41. Ne5+ Nxe5
42. dxe5 {White has a bad bishop, so Black has some winning chances. [#] Hecht
Schlechter wL; Karpov installiert einen gedeckten Freibauern, der die Balance
garantiert.} Be1 43. Kd3 Kc6 44. e4 $1 h5 45. Bf4 {Decken von g3, um h3 und g4
spielen zu können.} Bb4 (45... fxe4+ $5 46. Kxe4 Kc5 {[#]} 47. Be3+ $132 {
[%csl Ra4,Rg6]} Kb4 48. Kf4 Kxa4 49. Kg5 $13 {Tempofrage! Analyse!}) 46. exf5
exf5 {White has a protected passed pawn and equalizes.} (46... gxf5 47. h3 Bf8
48. g4 fxg4 49. fxg4 hxg4 50. hxg4 Kd5 51. g5 Bg7 52. g6 a6 53. Bd2 b5 54. axb5
axb5 55. Bc3 $11) 47. Bd2 Bc5 48. Be3 Be7 {The pawn ending is drawn. Black
cannot make any progress.} 49. f4 a6 50. Kc4 b5+ 51. axb5+ axb5+ 52. Kd3 Kd5
53. Bc1 Bc5 54. Be3 Be7 55. Bc1 Bf8 56. Bd2 Ba3 57. Be3 Bb4 58. Bd2 Ba3 59. Be3
Bf8 60. Bd2 Kc6 61. Be3 Kd5 1/2-1/2